A TEXT BOOK OF AUDIT AND REGULATORY COMPLIANCE (Record no. 26980)
[ view plain ]
| 000 -LEADER | |
|---|---|
| fixed length control field | 00378nam a22001577a 4500 |
| 003 - CONTROL NUMBER IDENTIFIER | |
| control field | SGT |
| 020 ## - INTERNATIONAL STANDARD BOOK NUMBER | |
| International Standard Book Number | 9354511813 |
| 082 ## - DEWEY DECIMAL CLASSIFICATION NUMBER | |
| Classification number | 615 |
| Item number | A21J |
| 100 ## - MAIN ENTRY--PERSONAL NAME | |
| Personal name | GOEL, PREM,R. |
| 245 ## - TITLE STATEMENT | |
| Title | A TEXT BOOK OF AUDIT AND REGULATORY COMPLIANCE |
| 250 ## - EDITION STATEMENT | |
| Edition statement | 1ST |
| 260 ## - PUBLICATION, DISTRIBUTION, ETC. (IMPRINT) | |
| Place of publication, distribution, etc | PUNE |
| Name of publisher, distributor, etc | NIRALI PRAKASHAN |
| Year of Publication | 2021 |
| 650 ## - SUBJECT ADDED ENTRY--TOPICAL TERM | |
| Topical term or geographic name as entry element | PHARMACY |
| 653 ## - KEYWORDS--INDEX TERM | |
| Keyword term | AUDIT , REGULATORY, COMPLIANCE |
| 942 ## - ADDED ENTRY ELEMENTS (KOHA) | |
| Source of classification or shelving scheme | Dewey Decimal Classification |
| Koha item type | Books |
| Withdrawn status | Lost status | Source of classification or shelving scheme | Damaged status | Not for loan | Collection code | Home library | Current library | Shelving location | Date acquired | Vendor Name | Cost, normal purchase price | SGTU | Bill Number | Full call number | Accession No. (Barcode) | Date last seen | Bill Date | Koha item type | Use restrictions |
|---|---|---|---|---|---|---|---|---|---|---|---|---|---|---|---|---|---|---|---|
| Dewey Decimal Classification | PHARMACY | SGT FA-FP Library | SGT FA-FP Library | Text Book | 27/09/2024 | AHUJA PUB. | 225.00 | SGTU | 19381 | 615 A21J | FP5026 | 27/09/2024 | 13/08/2024 | Books | |||||
| Dewey Decimal Classification | PHARMACY | SGT FA-FP Library | SGT FA-FP Library | Reference Book | 27/09/2024 | AHUJA PUB. | 225.00 | SGTU | 19381 | 615 A21J | FP5027 | 27/09/2024 | 13/08/2024 | Books | Restricted Access | ||||
| Dewey Decimal Classification | PHARMACY | SGT FA-FP Library | SGT FA-FP Library | Text Book | 27/09/2024 | AHUJA PUB. | 225.00 | SGTU | 19381 | 615 A21J | FP5028 | 27/09/2024 | 13/08/2024 | Books | |||||
| Dewey Decimal Classification | PHARMACY | SGT FA-FP Library | SGT FA-FP Library | Text Book | 27/09/2024 | AHUJA PUB. | 225.00 | SGTU | 19381 | 615 A21J | FP5029 | 27/09/2024 | 13/08/2024 | Books | |||||
| Dewey Decimal Classification | PHARMACY | SGT FA-FP Library | SGT FA-FP Library | Text Book | 27/09/2024 | AHUJA PUB. | 225.00 | SGTU | 19381 | 615 A21J | FP5030 | 27/09/2024 | 13/08/2024 | Books |